Návrh a ekonomické zdôvodnenie implementácie novej technológie vo vybranom podniku diplomová práca

Saved in:
Bibliographic Details
Main Author: Karafa, Ján
Corporate Author: Fakulta podnikového manažmentu EU. Katedra manažmentu
Other Authors: Zagoršek, Branislav, 1984-
Format: Book
Language:Slovak
Published: Bratislava 2023
Tags: Add Tag
No Tags, Be the first to tag this record!

MARC

LEADER 00000nbm a2200000 4500
001 0295946
005 20240221085048.2
041 0 |a slo 
044 |a SK 
245 1 0 |a Návrh a ekonomické zdôvodnenie implementácie novej technológie vo vybranom podniku  |b diplomová práca  |c Ján Karafa ; školiteľ: Branislav Zagoršek 
264 1 |a Bratislava  |c 2023 
300 |a 85 s. 
100 1 |a Karafa, Ján 
700 1 |a Zagoršek, Branislav, 1984- 
710 2 |a Fakulta podnikového manažmentu EU. Katedra manažmentu